Statistics for Srpski osvajači olimpijskih medalja

Click here to take the quiz!

General Stats

  • This quiz has been taken 80 times
    (73 since last reset)
  • The average score is 12 of 23

Answer Stats

Olimpijske igreMedaljaSportIme% Correct
Tokio 2020.ZlatoTekvondoMilica Mandić
90%
London 2012.ZlatoTekvondoMilica Mandić
90%
Peking 2008.BronzaTenisNovak Đoković
86%
Barselona 1992.SrebroStreljaštvoJasna Šekarić
84%
Sidnej 2000.SrebroStreljaštvoJasna Šekarić
84%
Atina 2004.SrebroStreljaštvoJasna Šekarić
84%
Peking 2008.SrebroPlivanjeMilorad Čavić
84%
Rio 2016.BronzaAtletikaIvana Španović
79%
Tokio 2020.SrebroStreljaštvoDamir Mikec
71%
Rio 2016.ZlatoRvanjeDavor Štefanek
59%
Rio 2016.SrebroTekvondoTijana Bogdanović
51%
Tokio 2020.BronzaTekvondoTijana Bogdanović
51%
Tokio 2020.ZlatoKarateJovana Preković
43%
London 2012.SrebroStreljaštvoIvana Maksimović
41%
Tokio 2020.BronzaRvanjeZurabi Datunašvili
41%
Atlanta 1996.BronzaStreljaštvoAleksandra Ivošev
25%
Atlanta 1996.ZlatoStreljaštvoAleksandra Ivošev
25%
Barselona 1992.BronzaStreljaštvoAranka Binder
22%
Tokio 2020.BronzaStreljaštvoMilenko Sebić
21%
London 2012.BronzaStreljaštvoAndrija Zlatić
17%
Rio 2016.SrebroKanuMilenko Zorić
16%
Rio 2016.SrebroKanuMarko Tomićević
14%
Barselona 1992.BronzaStreljaštvoStevan Pletikosić
14%

Score Distribution

Percentile by Number Answered

Percent of People with Each Score

Your Score History

You have not taken this quiz since the last reset